| 000 | 00806nam a22002177a 4500 | ||
|---|---|---|---|
| 999 |
_c7931 _d7931 |
||
| 003 | AR-CdUCM | ||
| 008 | 190321b ||||| |||| 00| 0 spa d | ||
| 040 |
_aMUNICIPALIDAD PROVINCIAL DEL CUSCO _cBIBLIOTECA MUNICIPAL DEL CUSCO |
||
| 082 |
_a372.48 / _bS21 |
||
| 100 |
_aSánchez Lihón, Danilo _9846 |
||
| 245 |
_aLiteratura infantil : _bMagia y realidad / |
||
| 260 |
_aLima : _bINLIL, _c1984. |
||
| 300 |
_a218 páginas , _c20 cm. |
||
| 440 |
_aPiedra angular _n3 _922414 |
||
| 505 | _aContenido : Primera parte : Literatura infantil -- Capitulo I : Literatura infantil -- Capitulo II : Literatura infantil y folklore -- Capitulo III : Literatura infantil y educación ... | ||
| 650 |
_aLiteratura _983 |
||
| 650 |
_aEducación _9460 |
||
| 650 |
_aInfantil _96210 |
||
| 942 |
_2ddc _cLIBROS |
||
| 945 | _arah | ||